书目信息 |
| 题名: |
文言知识讲话
|
|
| 作者: | 陈必祥 编著 | |
| 分册: | ||
| 出版信息: | 北京 中国少年儿童出版社 1982 |
|
| 页数: | 142页 | |
| 开本: | 19cm | |
| 丛书名: | ||
| 单 册: | ||
| 中图分类: | H194.1 , H1 | |
| 科图分类: | ||
| 主题词: | 文言文--基本知识 , 汉语 | |
| 电子资源: | ||
| ISBN: | ||
| 000 | 00625nam0 2200241 45 | |
| 001 | 1559466905 | |
| 005 | 20150128083527.76 | |
| 010 | @dCNY0.40 | |
| 091 | @aCN@bR10056.514 | |
| 100 | @a19950127d1982 em y0chiy0121 ea | |
| 101 | 0 | @achi |
| 102 | @aCN@b110000 | |
| 105 | @af z 000yy | |
| 200 | 10 | @a文言知识讲话@Awen yan zhi shi jiang hua@f陈必祥编著 |
| 210 | @a北京@c中国少年儿童出版社@d1982 | |
| 215 | @a142页@c插图@d19cm | |
| 606 | @a文言文@x基本知识 | |
| 606 | 0 | @a汉语 |
| 690 | @aH194.1@v3 | |
| 690 | @aH1@v4 | |
| 701 | 0 | @a陈必祥@Achen bi xiang@4编著 |
| 801 | 0 | @aCN@bTSSF@c20150128 |
| 905 | @aZUCC@dH1@eJY13 | |
| 文言知识讲话/陈必祥编著.-北京:中国少年儿童出版社,1982 |
| 142页:插图;19cm |
| ISBN :CNY0.40 |
| ● |
| 相关链接 |
|
|
|
|
正题名:文言知识讲话
索取号:H1/JY13
 
预约/预借
| 序号 | 登录号 | 条形码 | 馆藏地/架位号 | 状态 | 备注 |
| 1 | 7842718 | 278427187 | 学院路分馆/ [索取号:H1/JY13] | 在馆 | |
| 2 | 7855920 | 278559203 | 学院路分馆/ [索取号:H1/JY13] | 在馆 | |
| 3 | 7855921 | 278559212 | 学院路分馆/ [索取号:H1/JY13] | 在馆 |